El impacto de la participación del sector privado en infraestructura : (Registro nro. 12331)
[ vista simple ]
| 000 -LEADER | |
|---|---|
| fixed length control field | 02559nam a2200313Ia 4500 |
| 003 - CONTROL NUMBER IDENTIFIER | |
| control field | OSt |
| 005 - DATE AND TIME OF LATEST TRANSACTION | |
| control field | 20210901093954.0 |
| 008 - FIXED-LENGTH DATA ELEMENTS--GENERAL INFORMATION | |
| fixed length control field | 210310s2010 wauad gr 000 0 spa d |
| 020 ## - INTERNATIONAL STANDARD BOOK NUMBER | |
| International Standard Book Number | 9789588307718 |
| 040 ## - CATALOGING SOURCE | |
| Original cataloging agency | CO-JMCR |
| Transcribing agency | CO-JMCR |
| 041 1# - LANGUAGE CODE | |
| Language code of text/sound track or separate title | spa |
| Language code of original | eng |
| 082 04 - DEWEY DECIMAL CLASSIFICATION NUMBER | |
| Classification number | 363.6098 / |
| Item number | A576i |
| Edition number | 23 |
| 100 1# - MAIN ENTRY--PERSONAL NAME | |
| Personal name | Luis A. Andres, |
| Relator term | autor |
| 9 (RLIN) | 27934 |
| 245 13 - TITLE STATEMENT | |
| Title | El impacto de la participación del sector privado en infraestructura : |
| Remainder of title | luces y sombras en ele camino hacia adelante / |
| Statement of responsibility, etc. | Luis A. Andres, J. Luis Guasch, Thomas Haven, Vivien Foster ; traducción al castellano, Ignacio Caviedes Hoyos |
| 250 ## - EDITION STATEMENT | |
| Edition statement | Primera edición |
| 260 ## - PUBLICATION, DISTRIBUTION, ETC. | |
| Place of publication, distribution, etc. | Washington : |
| Name of publisher, distributor, etc. | Banco Mundial, |
| Date of publication, distribution, etc. | 2008. |
| 300 ## - PHYSICAL DESCRIPTION | |
| Extent | 342 páginas : |
| Other physical details | ilustraciones y gráficas en blanco y negro ; |
| Dimensions | 23 cm. |
| 504 ## - BIBLIOGRAPHY, ETC. NOTE | |
| Bibliography, etc. note | Bibliografía : páginas 303-313, e índice. |
| 505 0# - FORMATTED CONTENTS NOTE | |
| Formatted contents note | Prepara el camino. -- Aprehender de la literatura existente. -- Llenar los vacíos con nuevos conjuntos de datos y nuevas catalogador. -- El impacto en la distribución de electricidad. -- El impacto en las telecomunicaciones de línea fija. -- Impacto en agua potable y alcantarillado. -- Evaluación del desempeño en la distribución de electricidad de las empresas de servicios privadas y publicas. -- Determinantes de impacto: variables regulatorias y de contratos. |
| 520 0# - SUMMARY, ETC. | |
| Summary, etc. | "Este libro constituye una lectura obligada y es un avance sustancial en la literatura existente al ofrecer un gran análisis econométrico de los impactos de la participación privada en la electricidad, las telecomunicaciones y el agua potable, separando la verdad del mito. Hurgando aún más profunda mente, los autores examinan cómo las características del entorno, regulatorio y los contratos de participación privada tienen influencia en los impactos. Han producido una referencia esencial para los autores de políticas, los profesionales del desarrollo, los inversionistas y los académicos. Este volumen de primera categoría será valorado en los próximos años por su tratamiento sistemático y autorizado de lo que ya es un tópico políticamente sensible y a menudo mal entendido". |
| 650 14 - SUBJECT ADDED ENTRY--TOPICAL TERM | |
| Topical term or geographic name entry element | Infraestructura (Economía)-- |
| Geographic subdivision | América Latina |
| 9 (RLIN) | 27936 |
| 650 24 - SUBJECT ADDED ENTRY--TOPICAL TERM | |
| Topical term or geographic name entry element | Cooperación del sector público |
| General subdivision | privado |
| Geographic subdivision | América Latina |
| 9 (RLIN) | 39841 |
| 650 24 - SUBJECT ADDED ENTRY--TOPICAL TERM | |
| Topical term or geographic name entry element | Servicios públicos |
| General subdivision | Finanzas |
| Geographic subdivision | América Latina |
| 9 (RLIN) | 39842 |
| 700 1# - ADDED ENTRY--PERSONAL NAME | |
| Personal name | Guasch, Luis, |
| Relator term | autor |
| 9 (RLIN) | 39843 |
| 700 1# - ADDED ENTRY--PERSONAL NAME | |
| Personal name | Haven, Thomas, |
| Relator term | autor |
| 9 (RLIN) | 39844 |
| 700 1# - ADDED ENTRY--PERSONAL NAME | |
| Personal name | Foster, Vivien, |
| Relator term | autor |
| 9 (RLIN) | 39845 |
| 700 1# - ADDED ENTRY--PERSONAL NAME | |
| Personal name | Caviedes Hoyos, Ignacio, |
| Relator term | traductor |
| 9 (RLIN) | 39846 |
| 942 ## - ADDED ENTRY ELEMENTS (KOHA) | |
| Source of classification or shelving scheme | Dewey Decimal Classification |
| Koha item type | Books |
| Withdrawn status | Lost status | Source of classification or shelving scheme | Damaged status | Not for loan | Home library | Current library | Shelving location | Date acquired | Source of acquisition | Total Checkouts | Full call number | Barcode | Date last seen | Date last checked out | Copy number | Price effective from | Koha item type |
|---|---|---|---|---|---|---|---|---|---|---|---|---|---|---|---|---|---|
| Dewey Decimal Classification | Biblioteca Pública José María del Castillo y Rada | Biblioteca Pública José María del Castillo y Rada | General Stacks | 04/15/2018 | Donación | 1 | 363.6098 / A576i | 430005698 | 05/16/2024 | 07/12/2023 | Ej.1 | 03/10/2021 | Books |